[Event "Olimpiadi 2008 - open"]
[Site "Dresda GER"]
[Date "2008.11.25"]
[Round "11"]
[White "Kamsky, G."]
[Black "Ivanchuk, V."]
[Result "1-0"]
[WhiteElo "2729"]
[BlackElo "2786"]
[PlyCount "79"]
[EventDate "2008.11.13"]
[Source "www.chesslib.no"]
[SourceDate "2004.05.04"]

1. e4 e6 2. d4 d5 3. Nc3 Bb4 4. e5 c5 5. a3 Bxc3+ 6. bxc3 Ne7 7. Qg4 Kf8 8. Bd2 Qc7 9. Bd3 b6 10. Nf3 Ba6 11. dxc5 Qxc5 12. O-O Bxd3 13. cxd3 Nbc6 14. a4 h5 15. Qg5 Nf5 16. Rfb1 Kg8 17. Rb5 Qe7 18. Qf4 Qd7 19. Rab1 Rc8 20. h3 Rh6 21. a5 bxa5 22. Qa4 Rg6 23. Rxa5 Rc7 24. Rab5 Qc8 25. Bf4 Kh8 26. Kh2 Kg8 27. Kh1 Kh8 28. Rc5 Kg8 29. d4 Qd7 30. Qb5 Qc8 31. Ra1 Kh7 32. Ra6 Nce7 33. Ng5+ Rxg5 34. Bxg5 Rxc5 35. dxc5 Ng6 36. c6 Nxe5 37. Qb7 Nd6 38. Qxc8 Nxc8 39. Be3 Kg6 40. c7 1-0

[Event "Biel"]
[Site "Biel"]
[Date "2004.07.19"]
[Round "1"]
[White "Bacrot, Etienne"]
[Black "Ponomariov, Ruslan"]
[Result "1/2-1/2"]
[WhiteElo "2712"]
[BlackElo "2722"]
[PlyCount "30"]
[EventDate "2004.07.19"]
[SourceDate "2004.08.05"]

1. e4 e6 2. d4 d5 3. Nc3 Bb4 4. e5 c5 5. a3 Bxc3+ 6. bxc3 Ne7 7. Qg4 O-O 8. Bd3 f5 9. exf6 Rxf6 10. Bg5 e5 11. Qh4 e4 12. Bxf6 gxf6 13. Qxf6 exd3 14. Qg5+ Kh8 15. Qf6+ Kg8 1/2-1/2

[Event "Dos Hermanas-A"]
[Site "Dos Hermanas"]
[Date "2003.03.30"]
[Round "3"]
[White "Shirov, Alexei"]
[Black "Khalifman, Alexander"]
[Result "1/2-1/2"]
[WhiteElo "2723"]
[BlackElo "2702"]
[PlyCount "87"]
[EventDate "2003.03.28"]
[Source "ChessBase"]
[SourceDate "2003.07.25"]

1. e4 e6 2. d4 d5 3. Nc3 Bb4 4. e5 c5 5. a3 Bxc3+ 6. bxc3 Ne7 7. Qg4 O-O 8. Bd3 Qa5 9. Bd2 Nbc6 10. Nf3 f5 11. exf6 Rxf6 12. Qh5 Nf5 13. g4 c4 14. gxf5 cxd3 15. Rg1 Bd7 16. c4 Qc7 17. Bh6 Be8 18. Qh4 Rxh6 19. Qxh6 dxc4 20. cxd3 cxd3 21. f6 Bg6 22. Qxg7+ Qxg7 23. fxg7 Rd8 24. Rg4 Bf5 25. Rf4 Ne7 26. Kd2 Ng6 27. Rxf5 exf5 28. Rb1 b6 29. Rb5 Ne7 30. Re5 Rd7 31. Kxd3 Kxg7 32. h4 Kf6 33. Ng5 Ng6 34. Re6+ Kg7 35. Kc4 Rc7+ 36. Kb5 Nxh4 37. Rxb6 axb6 38. Ne6+ Kf6 39. Nxc7 Nf3 40. Nd5+ Kg5 41. Kxb6 Nxd4 42. Kc5 Ne6+ 43. Kd6 Nd4 44. Kc5 1/2-1/2

[Event "Budapest Hunguest Hotels"]
[Site "Budapest"]
[Date "2003.04.17"]
[Round "6"]
[White "Leko, Peter"]
[Black "Almasi, Zoltan"]
[Result "1/2-1/2"]
[WhiteElo "2746"]
[BlackElo "2676"]
[PlyCount "104"]
[EventDate "2003.04.11"]
[Source "ChessBase"]
[SourceDate "2003.07.25"]

1. e4 e6 2. d4 d5 3. Nc3 Bb4 4. e5 Ne7 5. a3 Bxc3+ 6. bxc3 c5 7. Qg4 O-O 8. Bd3 Nbc6 9. Qh5 Ng6 10. Nf3 Qc7 11. Be3 c4 12. Bxg6 fxg6 13. Qg4 Qf7 14. Ng5 Qe8 15. h4 h6 16. Nh3 b5 17. Qe2 a5 18. g4 Bd7 19. h5 gxh5 20. Rg1 Ne7 21. gxh5 Kh7 22. Qg4 Nf5 23. Kd2 Qe7 24. Qg6+ Kh8 25. Nf4 Nh4 26. Qg4 Rxf4 27. Bxf4 Rf8 28. Rh1 Nf5 29. Be3 Be8 30. f4 Bf7 31. Bf2 Rb8 32. Qh3 Kh7 33. Ra2 Be8 34. Rb1 Rb7 35. Qf3 Qf8 36. Raa1 Bf7 37. Rb2 Be8 38. Rbb1 Rf7 39. Be3 Qe7 40. Bf2 Qf8 41. Be3 Kg8 42. Qg4 Rb7 43. Bf2 Bf7 44. Rb2 Kh8 45. Qh3 Kh7 46. Qf3 Qe8 47. Rh1 Qe7 48. Ra1 b4 49. axb4 axb4 50. cxb4 Rxb4 51. Rxb4 Qxb4+ 52. Qc3 Qe7 1/2-1/2

[Event "Camp. russo a squadre 2007"]
[Site "Sochi RUS"]
[Date "2007.05.09"]
[Round "8"]
[White "Morozevich, A."]
[Black "Lputian, S."]
[Result "1-0"]
[WhiteElo "2762"]
[BlackElo "2634"]
[PlyCount "79"]
[EventDate "2007.05.02"]
[Source "www.chesslib.no"]
[SourceDate "2004.05.04"]

1. e4 e6 2. d4 d5 3. Nc3 Bb4 4. e5 Ne7 5. a3 Bxc3+ 6. bxc3 c5 7. h4 Nbc6 8. h5 Qa5 9. Bd2 Bd7 10. h6 gxh6 11. Rb1 O-O-O 12. Rb5 Qa4 13. Qb1 Na5 14. Rxc5+ Kb8 15. Rh3 b6 16. Rf3 Ka8 17. Rb5 Nc4 18. Rb4 Nxa3 19. Rxa4 Nxb1 20. Ra1 Nxd2 21. Kxd2 Rdf8 22. Bd3 Rhg8 23. g3 h5 24. Ne2 h4 25. Rh1 hxg3 26. Nxg3 Rh8 27. Nh5 Ng8 28. Rg1 f5 29. Rg7 Bc8 30. Nf4 Nh6 31. c4 dxc4 32. Bxc4 Rd8 33. c3 Ng4 34. Ke2 Rhe8 35. Rh3 Rd7 36. Rxd7 Bxd7 37. Rxh7 b5 38. Bb3 Bc8 39. f3 a5 40. fxg4 1-0

[Event "TCh-FRA Nat1 GpB"]
[Site "Montpellier"]
[Date "2004.04.03"]
[Round "6"]
[White "Short, Nigel D"]
[Black "Akopian, Vladimir"]
[Result "1/2-1/2"]
[WhiteElo "2702"]
[BlackElo "2693"]
[PlyCount "175"]
[EventDate "2004.01.30"]
[Source "Roberto Alvarez"]
[SourceDate "2004.04.12"]

1. e4 e6 2. d4 d5 3. Nc3 Bb4 4. e5 c5 5. a3 Bxc3+ 6. bxc3 Qa5 7. Bd2 Qa4 8. Qb1 c4 9. Be2 Nc6 10. Nh3 f6 11. f4 f5 12. O-O Nge7 13. Bh5+ g6 14. Be2 Bd7 15. Qb2 O-O-O 16. Rfb1 b6 17. Qc1 h6 18. Be1 Rdg8 19. Kh1 Be8 20. Qd2 Na5 21. Bh4 g5 22. fxg5 Ng6 23. Bf2 hxg5 24. Nxg5 Qd7 25. Bf3 Qe7 26. Nh3 Nh4 27. Bxh4 Qxh4 28. a4 Bh5 29. Bxh5 Qxh5 30. Rf1 Rg4 31. Rf3 Nc6 32. Raf1 Ne7 33. Kg1 Ng6 34. Rg3 Rxg3 35. hxg3 Rg8 36. Rf3 Kb7 37. Kf2 Qh7 38. Qc1 Qe7 39. Ke2 Ka6 40. Qb2 Qe8 41. Qb4 Kb7 42. a5 Nf8 43. axb6 axb6 44. Nf4 Nh7 45. Rf1 Ng5 46. Rb1 Qc6 47. Ra1 Qd7 48. Qa3 Nh7 49. g4 fxg4 50. Ke3 Re8 51. Nh5 Qd8 52. Qa7+ Kc6 53. Qa4+ Kb7 54. Nf6 Nxf6 55. exf6 e5 56. Kd2 exd4 57. cxd4 Rf8 58. Rh1 Qxf6 59. Qd7+ Kb8 60. Qxg4 Qd6 61. Kd1 Qa3 62. Qe6 Ka7 63. Ke2 Ka6 64. Rb1 Qa5 65. Qc6 Rf7 66. Qe8 Rg7 67. Qa8+ Ra7 68. Qc8+ Rb7 69. Qa8+ Ra7 70. Qe8 Rg7 71. Kf1 Kb7 72. Qe5 Rd7 73. Qe6 Rc7 74. Kg1 Rc6 75. Qd7+ Rc7 76. Qe6 Rc6 77. Qf7+ Rc7 78. Qf3 Re7 79. c3 Ka7 80. Qf6 Rc7 81. Qe5 Kb7 82. Qf6 Rc6 83. Qe7+ Rc7 84. Qe1 Qa2 85. Ra1 Qb2 86. Rb1 Qc2 87. Rc1 Qb2 88. Rb1 1/2-1/2

[Event "RUS"]
[Site "?"]
[Date "2006.04.25"]
[Round "6"]
[White "Kobalija Mihail"]
[Black "Akopian Vladimir"]
[Result "1-0"]
[WhiteElo "2654"]
[BlackElo "2706"]
[PlyCount "103"]
[EventDate "2006.??.??"]
[Source "www.chesslib.no"]
[SourceDate "2004.05.04"]

1. e4 e6 2. d4 d5 3. Nc3 Bb4 4. e5 c5 5. a3 Bxc3+ 6. bxc3 Qa5 7. Bd2 Qa4 8. Qb1 c4 9. h4 Nc6 10. h5 h6 11. g3 Bd7 12. Bh3 Nge7 13. Ne2 O-O-O 14. Nf4 Kb8 15. O-O Nc8 16. Kh2 Nb6 17. Qd1 Qa5 18. Ng2 Na4 19. f4 g6 20. Ne3 gxh5 21. Ng2 Rdg8 22. Be1 Qd8 23. Qxh5 f5 24. exf6 Qxf6 25. Nh4 Ka8 26. Rf2 Be8 27. Qf3 h5 28. Re2 Bf7 29. Bd2 Rh7 30. Qf2 Rhg7 31. Rg1 Ne7 32. Re5 Nc6 33. Re2 Ne7 34. Re5 Nc6 35. Re3 Ne7 36. Qe2 Ng6 37. Nxg6 Rxg6 38. Re5 Rg4 39. Rg5 Bg6 40. Re1 Qh8 41. Qxe6 Rxg5 42. fxg5 h4 43. gxh4 Nb6 44. Kg3 Be4 45. Bf5 Re8 46. Qf6 Qg8 47. Bg4 Nc8 48. h5 Qh7 49. Bf4 Qg8 50. g6 Bxg6 51. Rxe8 Bxe8 52. Qd8 1-0

[Event "Corr"]
[Site "?"]
[Date "1999.11.03"]
[Round "?"]
[White "Oosterom Joop J. van (NED)"]
[Black "Tarnowiecki Harald"]
[Result "1/2-1/2"]
[WhiteElo "2684"]
[BlackElo "2676"]
[PlyCount "86"]
[EventDate "1999.??.??"]
[Source "www.chesslib.no"]
[SourceDate "2004.05.04"]

1. e4 e6 2. d4 d5 3. Nc3 Bb4 4. e5 c5 5. a3 Bxc3+ 6. bxc3 Ne7 7. h4 Nbc6 8. h5 Qa5 9. Bd2 cxd4 10. cxd4 Qa4 11. c3 Qxd1+ 12. Kxd1 h6 13. Bd3 Bd7 14. Rh3 O-O 15. Rf3 Na5 16. g4 Nc4 17. Bc1 f6 18. exf6 Rxf6 19. Rxf6 gxf6 20. Bxh6 e5 21. f3 Nb2+ 22. Kc2 Nxd3 23. Kxd3 e4+ 24. Ke3 Kh7 25. Bf4 exf3 26. g5 fxg5 27. Bxg5 Nf5+ 28. Kf2 Rc8 29. Rc1 Nd6 30. Nxf3 Bg4 31. Bf4 Ne4+ 32. Ke3 Bxh5 33. c4 Bxf3 34. Kxf3 Kg6 35. cxd5 Rxc1 36. Bxc1 Kf5 37. Bf4 Nc3 38. d6 Ke6 39. Ke3 Nd5+ 40. Ke4 Nxf4 41. Kxf4 Kxd6 42. Ke4 b5 43. a4 bxa4 1/2-1/2

[Event "Olimpiadi 2008 - open"]
[Site "Dresda GER"]
[Date "2008.11.19"]
[Round "6"]
[White "Bacrot, E."]
[Black "Socko, B."]
[Result "1-0"]
[WhiteElo "2705"]
[BlackElo "2631"]
[PlyCount "61"]
[EventDate "2008.11.13"]
[Source "www.chesslib.no"]
[SourceDate "2004.05.04"]

1. e4 e6 2. d4 d5 3. Nc3 Bb4 4. e5 c5 5. a3 Bxc3+ 6. bxc3 Ne7 7. Qg4 O-O 8. Bd3 Nbc6 9. Qh5 Ng6 10. Nf3 Qc7 11. Be3 c4 12. Bxg6 fxg6 13. Qg4 Bd7 14. h4 Rf5 15. Ng1 Raf8 16. Ne2 Ne7 17. Ng3 Qa5 18. Kd2 h5 19. Qh3 R5f7 20. Ne2 Nf5 21. Bg5 Ne7 22. f4 Nf5 23. g4 hxg4 24. Qxg4 Be8 25. h5 gxh5 26. Qxh5 Rd7 27. Qh7+ Kf7 28. Rh6 Nxh6 29. Bxh6 Rg8 30. f5 Kf8 31. fxe6 1-0

[Event "PCA/Intel-GP"]
[Site "London"]
[Date "1994.??.??"]
[Round "1"]
[White "Short, Nigel D"]
[Black "Nikolic, Predrag"]
[Result "1/2-1/2"]
[WhiteElo "2665"]
[BlackElo "2655"]
[PlyCount "98"]
[EventDate "1994.08.??"]
[Source "ChessBase"]

1. e4 e6 2. d4 d5 3. Nc3 Bb4 4. e5 c5 5. a3 Bxc3+ 6. bxc3 Ne7 7. Qg4 Kf8 8. Bd2 Qa5 9. a4 Nbc6 10. Nf3 Qb6 11. dxc5 Qxc5 12. Bd3 h6 13. O-O Qb6 14. Rfe1 Bd7 15. c4 Qc7 16. cxd5 exd5 17. Qf4 Be6 18. h4 Kg8 19. h5 Rf8 20. a5 Qd7 21. Nh4 Bg4 22. Be2 Bxe2 23. Rxe2 Qe6 24. Re3 g5 25. hxg6 fxg6 26. Qg3 g5 27. Rb3 Qxe5 28. Qxe5 Nxe5 29. Nf3 Nxf3+ 30. gxf3 Nc6 31. Rxb7 Rh7 32. Rb3 Nd4 33. Rd3 Nxf3+ 34. Kg2 Nxd2 35. Rxd2 Rhf7 36. Ra4 Rf5 37. Rad4 Rc8 38. Rxd5 Rxd5 39. Rxd5 Rxc2 40. Rd8+ Kg7 41. Rd7+ Kg6 42. Rxa7 Ra2 43. a6 h5 44. Ra8 Kg7 45. Kf3 Ra4 46. Ke3 g4 47. Ke2 h4 48. Kf1 Ra2 49. Kg1 Kh7 1/2-1/2

[Event "IV RUS-CHN Match"]
[Site "Nizhniy Novgorod RUS"]
[Date "2007.08.24"]
[Round "5"]
[White "Inarkiev, E."]
[Black "Zhang Pengxiang"]
[Result "1-0"]
[WhiteElo "2663"]
[BlackElo "2649"]
[PlyCount "63"]
[EventDate "2007.08.20"]
[Source "www.chesslib.no"]
[SourceDate "2004.05.04"]

1. e4 e6 2. d4 d5 3. Nc3 Bb4 4. e5 c5 5. a3 Bxc3+ 6. bxc3 Qa5 7. Bd2 Qa4 8. Nf3 Nc6 9. Rb1 c4 10. Qc1 f6 11. h4 fxe5 12. Nxe5 Nxe5 13. dxe5 Ne7 14. h5 O-O 15. Be2 b6 16. O-O Bb7 17. h6 Ng6 18. Bg4 Qc6 19. hxg7 Rf7 20. Bh3 Re8 21. Be3 d4 22. cxd4 Nh4 23. f3 Nxf3+ 24. Rxf3 Rxf3 25. gxf3 Qxf3 26. Kh2 Qe2+ 27. Kg3 c3 28. Kh4 Bd5 29. Bh6 Qf2+ 30. Kg5 Ba2 31. Ra1 Qxd4 32. Qf4 1-0

[Event "XII It I"]
[Site "Dos Hermanas"]
[Date "2003.03.29"]
[Round "2.5"]
[White "Khalifman, Alexander"]
[Black "Rustemov, Alexander"]
[Result "1/2-1/2"]
[WhiteElo "2702"]
[BlackElo "2604"]
[PlyCount "45"]
[EventDate "2003.03.28"]
[Source "Roberto Alvarez"]
[SourceDate "2003.04.07"]

1. e4 e6 2. d4 d5 3. Nc3 Bb4 4. e5 c5 5. a3 Bxc3+ 6. bxc3 Qa5 7. Bd2 Qa4 8. Rb1 c4 9. Bc1 Nc6 10. g3 Qa5 11. Ne2 f6 12. Bg2 fxe5 13. dxe5 Nge7 14. f4 Nf5 15. O-O h5 16. Bf3 g6 17. Qe1 b6 18. Qf2 Bd7 19. Ra1 Qa4 20. Nd4 Ncxd4 21. cxd4 Qa6 22. Bd2 Ba4 23. Bc3 1/2-1/2

[Event "EU-chT (Men)"]
[Site "Leon"]
[Date "2001.11.11"]
[Round "6.1"]
[White "Stefansson, Hannes"]
[Black "Ivanchuk, Vassily"]
[Result "1/2-1/2"]
[WhiteElo "2575"]
[BlackElo "2731"]
[PlyCount "49"]
[EventDate "2001.11.06"]
[Source "ChessBase"]
[SourceDate "2001.02.01"]

1. e4 e6 2. d4 d5 3. Nc3 Bb4 4. e5 Ne7 5. a3 Bxc3+ 6. bxc3 c5 7. Qg4 Kf8 8. Bd2 b6 9. dxc5 bxc5 10. Nf3 c4 11. Nd4 Nbc6 12. Nxc6 Nxc6 13. Qg3 Qb6 14. Bc1 Bd7 15. a4 h6 16. Be2 Kg8 17. Bh5 Qc7 18. f4 Ne7 19. Ba3 Nf5 20. Qf2 g6 21. Bg4 Bxa4 22. Bxf5 gxf5 23. Bd6 Qb6 24. Bc5 Qc6 25. Bxa7 1/2-1/2

[Event "NBC-25 9194 corr"]
[Site "NBC-25 9194 corr"]
[Date "1991.??.??"]
[Round "?"]
[White "Timmerman, Gert Jan"]
[Black "Rittner, Horst R"]
[Result "1-0"]
[WhiteElo "2710"]
[BlackElo "2595"]
[PlyCount "101"]
[EventDate "1991.??.??"]
[Source "www.chesslib.no"]
[SourceDate "2004.05.04"]

1. e4 e6 2. d4 d5 3. Nc3 Bb4 4. e5 Ne7 5. a3 Bxc3+ 6. bxc3 c5 7. Qg4 O-O 8. Bd3 Nbc6 9. Nf3 f5 10. exf6 Rxf6 11. Bg5 Rf7 12. Bxe7 Rxe7 13. Qh4 g6 14. O-O c4 15. Be2 Bd7 16. Rfe1 Qa5 17. Ne5 Rae8 18. Nxd7 Rxd7 19. Qh3 Rde7 20. Bg4 Nd8 21. f4 Qa4 22. Ra2 Qc6 23. Qe3 Nf7 24. Raa1 Qa4 25. Qd2 Nd6 26. Bf3 Nb5 27. Re3 Nc7 28. h4 Nb5 29. f5 gxf5 30. Bh5 Nd6 31. Rg3+ Kh8 32. Bxe8 Qxe8 33. Qf4 e5 34. dxe5 Ne4 35. Rf3 Rxe5 36. Re1 Qe7 37. h5 Qf6 38. h6 b5 39. Ree3 a6 40. Rg3 Re8 41. Rg7 Rf8 42. Rb7 Rg8 43. Rxe4 dxe4 44. Qc7 Rxg2+ 45. Kxg2 Qg5+ 46. Kf1 Qc1+ 47. Ke2 Qxc2+ 48. Ke3 Qxc3+ 49. Kf4 Qf3+ 50. Ke5 Qg3+ 51. Kd5 1-0

[Event "Amsterdam (Euwe Memorial)"]
[Site "?"]
[Date "1988.??.??"]
[Round "?"]
[White "Short, N."]
[Black "Timman, J."]
[Result "1-0"]
[WhiteElo "2630"]
[BlackElo "2675"]
[PlyCount "51"]
[EventDate "1988.??.??"]
[Source "ChessBase"]
[SourceDate "1988.01.01"]

1. e4 e6 2. d4 d5 3. Nc3 Bb4 4. e5 c5 5. a3 Bxc3+ 6. bxc3 Ne7 7. Qg4 cxd4 8. Qxg7 Rg8 9. Qxh7 Qa5 10. Rb1 Nbc6 11. Nf3 Bd7 12. Rxb7 Qxc3+ 13. Kd1 Na5 14. Rb4 Rc8 15. Ng5 Rf8 16. Bd3 Qc7 17. Re1 Nc4 18. Qg7 Nf5 19. Qf6 a5 20. Rxc4 dxc4 21. Bxf5 Qd8 22. Qg7 Qe7 23. Ne4 exf5 24. Nd6+ Kd8 25. Bg5 f6 26. Nb7+ 1-0

[Event "Novgorod"]
[Site "Novgorod"]
[Date "1995.??.??"]
[Round "8"]
[White "Timman, Jan H"]
[Black "Jussupow, Artur"]
[Result "1/2-1/2"]
[WhiteElo "2635"]
[BlackElo "2660"]
[PlyCount "69"]
[EventDate "1995.05.??"]
[Source "ChessBase"]

1. e4 e6 2. d4 d5 3. Nc3 Bb4 4. e5 Ne7 5. a3 Bxc3+ 6. bxc3 c5 7. Qg4 O-O 8. Bd3 f5 9. exf6 Rxf6 10. Bg5 Rf7 11. Qh5 g6 12. Qd1 Nbc6 13. Nf3 Qf8 14. O-O c4 15. Be2 h6 16. Bh4 Nf5 17. Bg3 g5 18. Qd2 Bd7 19. h4 Qe7 20. hxg5 Nxg3 21. fxg3 hxg5 22. Qe3 Raf8 23. Nxg5 Rxf1+ 24. Bxf1 e5 25. dxe5 Qxe5 26. Qxe5 Nxe5 27. Be2 Bg4 28. Re1 Bxe2 29. Rxe2 Ng4 30. Re7 Rf5 31. Nf3 Rf7 32. Re8+ Rf8 33. Re7 Rf7 34. Re8+ Rf8 35. Re7 1/2-1/2

[Event "Tilburg"]
[Site "Tilburg"]
[Date "1990.??.??"]
[Round "4"]
[White "Short, Nigel D"]
[Black "Ivanchuk, Vassily"]
[Result "1/2-1/2"]
[WhiteElo "2610"]
[BlackElo "2680"]
[PlyCount "56"]
[EventDate "1990.09.??"]
[Source "ChessBase"]

1. e4 e6 2. d4 d5 3. Nc3 Bb4 4. e5 Ne7 5. a3 Bxc3+ 6. bxc3 c5 7. h4 Nbc6 8. h5 cxd4 9. cxd4 Qa5+ 10. Bd2 Qa4 11. Bc3 b6 12. Nf3 Ba6 13. Bxa6 Qxa6 14. a4 Rc8 15. Rh3 O-O 16. h6 g6 17. Qe2 Qxe2+ 18. Kxe2 f6 19. exf6 Rxf6 20. Kd3 Nf5 21. Re1 Nd6 22. Ng5 Rxf2 23. Rxe6 Nc4 24. Rg3 a5 25. Nh3 Rf1 26. Rf3 Rd1+ 27. Ke2 Nxd4+ 28. Bxd4 Rd2+ 1/2-1/2

[Event "EU-chT (Men)"]
[Site "Pula"]
[Date "1997.??.??"]
[Round "7"]
[White "Timman, Jan H"]
[Black "Nikolic, Predrag"]
[Result "1/2-1/2"]
[WhiteElo "2630"]
[BlackElo "2655"]
[PlyCount "76"]
[EventDate "1997.05.05"]
[Source "ChessBase"]

1. e4 e6 2. d4 d5 3. Nc3 Bb4 4. e5 c5 5. a3 Bxc3+ 6. bxc3 Ne7 7. Qg4 Kf8 8. Bd2 Qc7 9. Bd3 b6 10. Nf3 Ba6 11. dxc5 bxc5 12. Bxa6 Nxa6 13. c4 Qc6 14. cxd5 exd5 15. O-O h6 16. Rfe1 Qe6 17. Qa4 Kg8 18. Rab1 Kh7 19. Qh4 Kg8 20. Rb7 Nf5 21. Qf4 Nb8 22. Reb1 Nc6 23. c3 Kh7 24. Rc7 Rhc8 25. Rbb7 Rxc7 26. Rxc7 Rc8 27. Rxc8 Qxc8 28. h3 Qe6 29. g4 Nfe7 30. Be3 c4 31. Nd4 Nxd4 32. Bxd4 a6 33. Qe3 Qg6 34. Kg2 Nc6 35. f4 Qb1 36. Bc5 Qb5 37. Kg3 g5 38. Bd4 Nxd4 1/2-1/2

[Event "RUS"]
[Site "?"]
[Date "2006.04.25"]
[Round "6"]
[White "Bologan Viktor"]
[Black "Lputian Smbat G"]
[Result "0-1"]
[WhiteElo "2666"]
[BlackElo "2619"]
[PlyCount "89"]
[EventDate "2006.??.??"]
[Source "www.chesslib.no"]
[SourceDate "2004.05.04"]

1. e4 e6 2. d4 d5 3. Nc3 Bb4 4. e5 Ne7 5. a3 Bxc3+ 6. bxc3 c5 7. Qg4 O-O 8. Bd3 Nbc6 9. Qh5 Ng6 10. Nf3 Qc7 11. Be3 c4 12. Bxg6 fxg6 13. Qg4 Qf7 14. Ng5 Qe8 15. h4 Bd7 16. Qe2 b5 17. g4 Qd8 18. h5 gxh5 19. Kd2 a5 20. Nxh7 Kxh7 21. Rxh5+ Kg8 22. Rah1 b4 23. g5 bxc3+ 24. Kxc3 Kf7 25. Rh7 Qb6 26. g6+ Ke7 27. Rxg7+ Kd8 28. Qg4 Rb8 29. Rhh7 Qb2+ 30. Kd2 Rb7 31. Rxd7+ Rxd7 32. Qxe6 c3+ 33. Kd1 Qb1+ 34. Ke2 Qxc2+ 35. Kf1 Qd1+ 36. Kg2 Qf3+ 37. Kg1 Qd1+ 38. Kg2 Qf3+ 39. Kg1 Rxh7 40. Qd6+ Rd7 41. Qxc6 Qg4+ 42. Kf1 c2 43. Qb6+ Ke8 44. Qc6 Kd8 45. e6 0-1

[Event "China 88/275"]
[Site "?"]
[Date "2003.??.??"]
[Round "?"]
[White "Xu, Jun"]
[Black "Zhang, Zhong"]
[Result "0-1"]
[WhiteElo "2626"]
[BlackElo "2658"]
[PlyCount "72"]
[EventDate "2003.??.??"]
[Source "Chess Informant"]
[SourceDate "2003.06.01"]

1. d4 e6 2. e4 d5 3. Nc3 Bb4 4. e5 c5 5. a3 Bxc3+ 6. bxc3 Ne7 7. Qg4 Qc7 8. Qxg7 Rg8 9. Qxh7 cxd4 10. Ne2 Nbc6 11. f4 Bd7 12. Qd3 dxc3 13. Rb1 O-O-O 14. Nxc3 Na5 15. Nb5 Bxb5 16. Qxb5 Qxc2 17. Bd2 Qe4+ 18. Kd1 a6 19. Qb6 Qa4+ 20. Ke1 Nec6 21. h4 Rg3 22. Rh3 Rxh3 23. gxh3 Qe4+ 24. Kd1 Qa4+ 25. Ke1 Qe4+ 26. Kd1 Rg8 27. Bxa5 Nxa5 28. Rb4 Qf3+ 29. Be2 Qxa3 30. Kd2 Kb8 31. h5 Rc8 32. Bd3 Rc6 33. Qd8+ Ka7 34. Rb1 Qa2+ 35. Ke1 Nc4 36. Rd1 Ne3 0-1

[Event "Hoogovens"]
[Site "Wijk aan Zee"]
[Date "1992.??.??"]
[Round "11"]
[White "Gelfand, Boris"]
[Black "Huebner, Robert"]
[Result "1/2-1/2"]
[WhiteElo "2665"]
[BlackElo "2615"]
[PlyCount "39"]
[EventDate "1992.01.??"]
[Source "ChessBase"]

1. e4 e6 2. d4 d5 3. Nc3 Bb4 4. e5 c5 5. a3 Bxc3+ 6. bxc3 Ne7 7. Qg4 O-O 8. Bd3 Nbc6 9. Qh5 Ng6 10. Nf3 Qc7 11. Ng5 h6 12. Nxf7 Qxf7 13. Qxg6 Qxg6 14. Bxg6 cxd4 15. cxd4 Nxd4 16. Bd3 Bd7 17. Bb2 Rf4 18. Bc1 Rf7 19. Bb2 Rf4 20. Bc1 1/2-1/2

[Event "Berlin GER"]
[Site "?"]
[Date "2002.09.15"]
[Round "2"]
[White "Lutz Christopher"]
[Black "Kortschnoj Viktor"]
[Result "1-0"]
[WhiteElo "2655"]
[BlackElo "2625"]
[PlyCount "119"]
[EventDate "2002.??.??"]
[Source "www.chesslib.no"]
[SourceDate "2004.05.04"]

1. e4 e6 2. d4 d5 3. Nc3 Bb4 4. e5 Ne7 5. a3 Bxc3+ 6. bxc3 c5 7. Qg4 O-O 8. Bd3 Nbc6 9. Qh5 Ng6 10. Nf3 Qc7 11. Be3 Nce7 12. h4 Bd7 13. dxc5 f5 14. exf6 Rxf6 15. Bg5 Rf5 16. Bxf5 Nxf5 17. Bd2 Bb5 18. Qg5 Qxc5 19. a4 Ba6 20. h5 Qc4 21. Kd1 Nf8 22. h6 g6 23. Re1 Qc7 24. g4 Nd6 25. Qe5 Rc8 26. Bf4 Qxc3 27. Qg7+ Qxg7 28. hxg7 Ne4 29. gxf8=Q+ Rxf8 30. Ng5 Rxf4 31. Nxe4 dxe4 32. Rb1 Rxg4 33. Rb4 Rf4 34. Rbxe4 Rxf2 35. Rxe6 Kg7 36. Rd6 h5 37. Rg1 Rf6 38. Rxf6 Kxf6 39. Ke1 g5 40. Kf2 h4 41. Kf3 Kf5 42. Rd1 g4+ 43. Ke3 g3 44. Kf3 Bc4 45. Rd4 Be6 46. Rxh4 Ke5 47. Kxg3 Kd6 48. Kf3 Bd7 49. a5 Bc6+ 50. Ke3 Kc5 51. Kd3 Bb5+ 52. Kc3 Bc6 53. Rh5+ Kd6 54. Kb4 Kc7 55. Rh7+ Kb8 56. c4 Bf3 57. Kc5 a6 58. Kb6 Kc8 59. Rc7+ Kb8 60. Rf7 1-0

[Event "BL 0607 Solinger SG - Bindl-Aktionär"]
[Site "Germania"]
[Date "2007.02.04"]
[Round "9.1"]
[White "Naiditsch, Arkadij"]
[Black "Jussupow, Artur"]
[Result "1-0"]
[WhiteElo "2676"]
[BlackElo "2600"]
[PlyCount "79"]
[EventDate "2006.10.28"]
[Source "www.chesslib.no"]
[SourceDate "2004.05.04"]

1. e4 e6 2. d4 d5 3. Nc3 Bb4 4. e5 Ne7 5. a3 Bxc3+ 6. bxc3 c5 7. Qg4 O-O 8. Bd3 Nbc6 9. Qh5 Ng6 10. Nf3 Qc7 11. Be3 Nce7 12. h4 Bd7 13. Qg4 f5 14. Qh3 h6 15. h5 Nh8 16. g4 c4 17. Be2 fxg4 18. Qxg4 Nf5 19. Kd2 b5 20. Nh4 Nxe3 21. fxe3 Nf7 22. Nf3 Nd8 23. Rhg1 Be8 24. Nh4 a5 25. Bf3 Rb8 26. e4 dxe4 27. Bxe4 b4 28. axb4 axb4 29. Raf1 Rxf1 30. Rxf1 b3 31. cxb3 cxb3 32. Bd3 Rc8 33. c4 Qb7 34. Ke3 b2 35. Ng6 Bf7 36. Qe4 Rb8 37. d5 Qa7+ 38. Ke2 b1=Q 39. Rxb1 Qa2+ 40. Kf1 1-0

[Event "RUS"]
[Site "?"]
[Date "2006.04.22"]
[Round "3"]
[White "Kobalija Mihail"]
[Black "Lputian Smbat G"]
[Result "1-0"]
[WhiteElo "2654"]
[BlackElo "2619"]
[PlyCount "79"]
[EventDate "2006.??.??"]
[Source "www.chesslib.no"]
[SourceDate "2004.05.04"]

1. e4 e6 2. d4 d5 3. Nc3 Bb4 4. e5 Ne7 5. a3 Bxc3+ 6. bxc3 c5 7. Qg4 O-O 8. Bd3 Nbc6 9. Qh5 Ng6 10. Nf3 Qc7 11. Be3 c4 12. Bxg6 fxg6 13. Qg4 Qf7 14. Ng5 Qe8 15. h4 Bd7 16. Nh3 h6 17. Nf4 Ne7 18. Qe2 b5 19. Qd2 a5 20. Ke2 Qf7 21. Rab1 Nf5 22. g3 b4 23. Rh2 bxc3 24. Qxc3 Nxe3 25. Kxe3 Qf5 26. Kd2 Rab8 27. Rxb8 Rxb8 28. f3 g5 29. hxg5 Qxg5 30. Qe3 Rf8 31. Rh3 Ba4 32. Kc1 Qf5 33. Qd2 g5 34. Rxh6 gxf4 35. g4 Qg5 36. Qh2 Kf7 37. Rh5 Qg6 38. Rh6 Qg5 39. Rh5 Qg6 40. Rh6 1-0

[Event "BL 0607 SC Kreuzberg - Werder Bremen"]
[Site "Germania"]
[Date "2007.02.03"]
[Round "8.3"]
[White "Areshchenko, Alexander"]
[Black "Socko, Bartosz"]
[Result "1-0"]
[WhiteElo "2640"]
[BlackElo "2630"]
[PlyCount "81"]
[EventDate "2006.10.28"]
[Source "www.chesslib.no"]
[SourceDate "2004.05.04"]

1. e4 e6 2. d4 d5 3. Nc3 Bb4 4. e5 c5 5. a3 Bxc3+ 6. bxc3 Qa5 7. Bd2 Qa4 8. Qb1 a6 9. Qb3 Qxb3 10. cxb3 Nc6 11. dxc5 Nxe5 12. Bf4 Ng6 13. Bd6 e5 14. O-O-O Be6 15. Bd3 N8e7 16. Ne2 Nc8 17. Bc7 Kd7 18. Ba5 Nce7 19. b4 Nc6 20. Bb6 Ke7 21. Bc2 a5 22. b5 Na7 23. a4 Nc8 24. Bc7 Kd7 25. b6 Kc6 26. c4 d4 27. f4 Bxc4 28. Rhe1 Kxc5 29. fxe5 Bxe2 30. Rxe2 Nf4 31. Rf2 Ne6 32. Be4 Nxc7 33. bxc7 Ne7 34. Rc2+ Kb6 35. Rb2+ Kxc7 36. Rxb7+ Kd8 37. Rxd4+ Ke8 38. Rdd7 Rc8+ 39. Kb2 Ng6 40. Rxf7 Rc4 41. e6 1-0

[Event "TCh-FRA Nat1 GpA"]
[Site "Evry"]
[Date "2004.01.30"]
[Round "1"]
[White "Bologan, Viktor"]
[Black "Jussupow, Artur"]
[Result "1/2-1/2"]
[WhiteElo "2679"]
[BlackElo "2589"]
[PlyCount "81"]
[EventDate "2004.01.30"]
[Source "Roberto Alvarez"]
[SourceDate "2004.02.09"]

1. e4 e6 2. d4 d5 3. Nc3 Bb4 4. e5 c5 5. a3 Bxc3+ 6. bxc3 Ne7 7. Qg4 O-O 8. Bd3 f5 9. exf6 Rxf6 10. Bg5 Rf7 11. Qh5 g6 12. Qd1 Qa5 13. Bd2 Nbc6 14. f4 Bd7 15. Nf3 Raf8 16. O-O Qc7 17. Rb1 b6 18. dxc5 bxc5 19. c4 Nf5 20. Ng5 Re7 21. g4 Nd6 22. cxd5 exd5 23. Qf3 Ne4 24. Bxe4 dxe4 25. Qb3+ Kg7 26. Bc3+ Nd4 27. Bxd4+ cxd4 28. Qb4 Bxg4 29. Qxd4+ Kh6 30. Qe3 Bf5 31. Rb5 Qxc2 32. Rxf5 gxf5 33. Qg3 Rg7 34. Kh1 Qe2 35. Qh3+ Qh5 36. Qc3 Qe2 37. Re1 Qd3 38. Qc5 Rfg8 39. Rg1 Rxg5 40. fxg5+ Kh5 41. Qxf5 1/2-1/2